| 000 | 00505nam a2200193 a 4500 | ||
|---|---|---|---|
| 005 | 20230602063720.0 | ||
| 008 | 010924s1989 mx r 000 0 spa d | ||
| 020 | _a9684112823 | ||
| 035 | _aUPN01000111955 | ||
| 049 | _aCG | ||
| 050 | 4 |
_aPQ7297 P5 _bD6.5 |
|
| 100 | 1 |
_aPitol, Sergio, _d1933-2018 _929418 |
|
| 245 | 1 | 0 |
_aDomar a la divina garza / _cSergio Pitol. |
| 260 |
_aMéxico : _bEra, _c1989. |
||
| 300 | _a203 p. | ||
| 440 | 0 | _aBiblioteca Era | |
| 650 | 4 |
_aNovela mexicana _94557 |
|
| 905 | _aLibro | ||
| 999 |
_c85863 _d85863 |
||